00304 a2200109 450000500170000002000180001708200150003510000150005024500450006526000470011030000370015720250410163340.0 a0 19 457205 8 a651.75 ASH aASHLEY, A. aA Handbook of Commercial Correspondence. aNew York,bOxford University Press,c1984. a279p.: ill.; figurebIndexc21cm